[Event "EICC 2021"]
[Site "Reykjavik"]
[Date "2021.08.28"]
[Round "3.40"]
[White "Ftacnik, Lubomir"]
[Black "Vedder, Richard"]
[Result "1-0"]
[WhiteElo "2513"]
[BlackElo "2266"]
[Annotator "ChessBase"]
[PlyCount "47"]
[EventDate "2021.08.26"]
[EventType "swiss"]
[EventCountry "ISL"]
[Tiebreak "Cut1 Buchholz"]
[SourceTitle "playchess.com"]
[Source "ChessBase"]
[SourceQuality "1"]
[TimeControl "40/5400+30:1800+30"]

1. d4 {[%emt 0:00:05]} d5 {[%emt 0:00:04]} 2. c4 {[%emt 0:00:10]} dxc4 {
[%emt 0:00:06]} 3. e4 {[%emt 0:00:11]} Nc6 {[%emt 0:00:13]} 4. Nf3 {[%emt 0:00:
10]} Bg4 {[%emt 0:00:10]} 5. d5 {[%emt 0:00:18]} Ne5 {[%emt 0:00:08]} 6. Nc3 {
[%emt 0:00:30]} Nf6 {[%emt 0:09:44]} 7. Be3 {[%emt 0:00:19]} Bxf3 {[%emt 0:05:
41]} 8. gxf3 {[%emt 0:00:16]} c6 {[%emt 0:00:13]} 9. f4 {[%emt 0:12:19]} Nd3+ {
[%emt 0:00:19]} 10. Bxd3 {[%emt 0:00:09]} cxd3 {[%emt 0:00:03]} 11. dxc6 {
[%emt 0:01:19]} bxc6 {[%emt 0:00:11]} 12. Qa4 {[%emt 0:00:49]} Qd7 {[%emt 0:07:
29]} 13. O-O-O {[%emt 0:02:02]} Rd8 {[%emt 0:03:20]} 14. Rxd3 {[%emt 0:05:49]}
Qxd3 {[%emt 0:02:31]} 15. Rd1 {[%emt 0:00:04]} Qxd1+ {[%emt 0:00:12]} 16. Nxd1
{[%emt 0:00:06]} Rc8 {[%emt 0:00:30]} 17. Nc3 {[%emt 0:04:25]} g6 {[%emt 0:07:
24]} 18. Qa6 {[%emt 0:07:03]} Kd8 {[%emt 0:04:34]} 19. Qxa7 {[%emt 0:08:10]}
Nd7 {[%emt 0:00:15]} 20. Na4 {[%emt 0:10:47]} Bh6 {[%emt 0:03:47]} 21. Kb1 {
[%emt 0:04:43]} f6 {[%emt 0:06:36]} 22. Nc5 {[%emt 0:02:35]} Nf8 {[%emt 0:03:
15]} 23. Qb7 {[%emt 0:04:14]} Rc7 {[%emt 0:00:54]} 24. Qb6 {[%emt 0:00:32]} 1-0

[Event "EICC 2021"]
[Site "Reykjavik"]
[Date "2021.08.29"]
[Round "4.1"]
[White "Sarana, Alexey"]
[Black "Antipov, Mikhail Al."]
[Result "1/2-1/2"]
[WhiteElo "2643"]
[BlackElo "2607"]
[Annotator "TA"]
[PlyCount "132"]
[EventDate "2021.08.26"]
[EventType "swiss"]
[EventCountry "ISL"]
[Tiebreak "Cut1 Buchholz"]
[SourceTitle "playchess.com"]
[Source "ChessBase"]
[SourceQuality "1"]

{[%evp 10,132,22,13,25,19,25,27,16,0,0,-1,0,0,5,0,40,0,0,0,22,-29,25,-48,-50,
-125,-113,-115,-34,-34,-20,-37,-39,-62,-41,-64,-56,-74,-67,-80,-74,-97,-12,-15,
-23,-17,6,-33,0,-35,-25,-23,-35,-24,0,-10,22,41,34,0,27,-58,26,39,847,777,612,
-35,0,0,0,0,17,0,0,-141,0,0,0,0,0,0,0,-8,-8,-8,-8,-8,-8,-145,-8,-8,-10,-9,-9,
-14,-8,-8,-8,-8,0,0,0,0,0,0,0,0,0,0,0,0,0,0,0,0,0,0,0,0,0,0,0,0,0]} 1. d4 Nf6
2. c4 g6 3. Nc3 d5 4. Bf4 Bg7 5. e3 O-O 6. Rc1 Be6 $1 {[%mdl 4] outshines the
older 6...c5. D83: Grünfeld: 4 Bf4 Bg7 5 e3 0-0.} 7. c5 Nh5 8. Bg5 b6 {White
has an edge.} 9. b4 a5 10. b5 h6 11. Bh4 bxc5 12. dxc5 Nd7 {[#]} 13. Nce2 $146
({Predecessor:} 13. Na4 Ne5 14. Ne2 Bg4 15. Qb3 g5 16. Bg3 Ng6 17. Rd1 e5 18.
Rxd5 Qe7 19. Nec3 {1-0 (41) Inarkiev,E (2686)-Dominguez Perez,L (2732) Sochi
2016}) 13... Bb2 14. Nd4 $1 Qe8 15. Bd3 {[#]} (15. Rc2 $142 Ba3 16. Be2) 15...
Ng7 (15... Bg4 $142 $1 16. f3 e5 $1) 16. Bg3 {[#]} (16. c6 $11 Ne5 17. Nxe6
Nxe6 18. Rc2) 16... Bg4 $1 $15 17. f3 {[#]} (17. Qxg4 $15 Bxc1 18. Ngf3) 17...
e5 $1 $17 {[%cal Re5d4]} 18. Nc6 {[#]} Bf5 (18... e4 $1 $17 {[%cal Re4d3]} 19.
Bxe4 Bf5) 19. Rc2 $15 Ba3 20. e4 Be6 21. Bf2 d4 22. Ne2 Bxc5 23. Qc1 Bb4+ 24.
Nxb4 axb4 25. O-O Bxa2 ({Black should try} 25... Rxa2 $17 26. Rxc7 Qd8) 26.
Qxh6 $11 Ra3 27. Qd2 Qa8 28. Rxc7 (28. Nc1 $5 {[%cal Rc2a2]} Be6 29. Qxb4 $11)
28... Be6 29. Bh4 Rc8 30. Rxc8+ Qxc8 31. Be7 Nc5 32. Bb1 (32. Qxb4 Rxd3 33.
Qxc5 (33. Bxc5 $2 Rb3 $19) 33... Qxc5 $17) 32... Rc3 33. Qh6 Bc4 $1 {[%cal
Rc4e2] [#]} 34. Bf6 $1 {[%csl Gf6][%cal Rh6g7]} Nce6 {[#]} (34... Qf8 $5 {
[%cal Rc4e2]} 35. Nxc3 bxc3 $11) 35. f4 $1 Bxe2 ({Better is} 35... Qc5 $1 $15
36. Kh1 (36. Nxc3 $2 dxc3+ 37. Rf2 Qe3 $19) 36... Bxe2) 36. f5 Qc7 $2 {[%mdl
8192]} 37. fxe6 fxe6 38. Re1 $2 (38. b6 $18 Qf7 39. Rf2) 38... d3 39. h3 b3 (
39... d2 $6 40. Qxd2 Nh5 41. Qg5 $16) 40. Kh2 Qf7 (40... d2 $2 41. Bxg7 Qxg7
42. Qxd2 $18) 41. Bxe5 Rc5 {[%mdl 64] Double Attack} 42. Bd6 {[#]} (42. Bd4 $11
Rh5 43. Qd2) 42... g5 43. Bxc5 Qc7+ $1 44. e5 $1 Qxe5+ 45. Kh1 Qxc5 46. Qf6
$132 {[%mdl 2048] White puts up resistance} Qxb5 {And now ...Qd7 would win.}
47. Qd8+ Qe8 48. Qxg5 Qd7 {Threatens to win with ...d2.} 49. Qh6 {[#]} (49. Qe5
$1 $11) 49... Nf5 ({Black should play} 49... b2 $1 $17 {White must now prevent
...Qd4.} 50. Qd2 Nf5) 50. Qg6+ $1 {The position is equal.} Kh8 51. Qf6+ Kh7 {
Strongly threatening ...d2.} 52. Qe5 Qd5 53. Qxd5 exd5 {[%mdl 4096] Endgame
KRB-KBN} 54. Kg1 $1 d2 55. Kf2 dxe1=Q+ (55... d1=Q {is more complex.} 56. Rxd1
Bxd1 57. Bxf5+ Kg7 58. Ke1 Kf6) 56. Kxe1 Bc4 (56... Bh5 {is interesting.} 57.
g4 Bf7 58. Bxf5+ Bg6 59. Kd2 Bxf5 60. gxf5 Kg7) 57. Bxf5+ {KB-KB} Kg7 58. Kd2
Kf6 59. Bd3 Kg5 {...Bxd3 is the strong threat.} (59... b2 $5 60. Bb1 $8 Bf1 $11
) 60. Bh7 d4 61. g3 Be6 (61... Bf7 {looks sharper.} 62. Be4 Kf6 63. h4 Ke5 64.
Bd3 Be6) 62. h4+ Kg4 63. Kd3 Bf5+ 64. Bxf5+ Kxf5 65. h5 Kg5 66. g4 $1 Kh6 {
Weighted Error Value: White=0.29/Black=0.21} (66... Kxg4 67. h6 $18) 1/2-1/2

[Event "EICC 2021"]
[Site "Reykjavik"]
[Date "2021.08.29"]
[Round "4.2"]
[White "Hovhannisyan, Robert"]
[Black "Huschenbeth, Niclas"]
[Result "1-0"]
[WhiteElo "2626"]
[BlackElo "2592"]
[Annotator "TA"]
[PlyCount "110"]
[EventDate "2021.08.26"]
[EventType "swiss"]
[EventCountry "ISL"]
[Tiebreak "Cut1 Buchholz"]
[SourceTitle "playchess.com"]
[Source "ChessBase"]
[SourceQuality "1"]

{[%evp 14,110,29,15,17,31,35,12,7,30,8,18,22,8,43,47,32,47,39,41,46,45,52,20,
23,21,68,13,22,37,35,29,34,32,32,31,36,13,11,15,14,13,42,14,13,0,23,23,25,25,
18,17,19,18,33,33,90,110,106,67,170,183,213,211,194,185,290,281,510,509,537,
530,522,529,530,522,522,522,522,522,522,522,514,514,514,507,500,506,29977,
29979,29979,29980,29980,29981,29981,29982,29982,29983,29983]} 1. e4 c5 2. Nf3
d6 3. d4 cxd4 4. Nxd4 Nf6 5. Nc3 a6 6. Be2 e5 7. Nb3 Be6 8. f4 Be7 {B92:
Sicilian Najdorf: 6 Be2.} 9. f5 Bd7 10. Bg5 Bc6 {The position is equal.} 11.
Bxf6 Bxf6 12. Qd3 Bg5 13. Nd2 {[#]} Nd7 $146 ({Predecessor:} 13... b5 14. O-O-O
Nd7 15. Qxd6 Qf6 16. Qa3 Qe7 17. Qxe7+ Kxe7 18. Kb1 Bxd2 19. Rxd2 Nf6 {1/2-1/2
(34) Lewis,C (2360)-Weber,K (2333) ICCF email 2017}) 14. Qxd6 h5 15. Nf3 Be7
16. Qd3 Qa5 17. O-O-O Nf6 18. Kb1 O-O 19. Ng5 b5 20. h4 ({Better is} 20. Nd5
$14 Bxd5 21. exd5) 20... Rad8 21. Qf3 b4 22. Nd5 Rxd5 23. exd5 Bxd5 {[#]} 24.
Rxd5 $1 Qxd5 25. Qxd5 Nxd5 26. Bxh5 Ne3 27. Be2 Rd8 28. g4 a5 29. Bf3 Rd4 30.
Re1 Nxg4 31. c3 bxc3 32. bxc3 Rf4 33. Bxg4 Rxg4 34. Rxe5 $11 {[%mdl 4160]
Endgame Double Attack. KRB-KRN} Bf8 ({Black should try} 34... f6 $14 35. Rxe7
fxg5) 35. Rxa5 $16 Rxh4 36. a4 {[%cal Ba2a4,Ba4a5,Ba5a6][%mdl 32]} Rg4 (36...
Rf4 $14) 37. Nf3 $18 g6 38. fxg6 fxg6 39. Ra8 Kg7 {[#]} (39... Rg3 {is a
better defense.}) 40. Nd4 $1 Kf7 $2 (40... Be7 41. a5 Bf6) 41. a5 Rg1+ 42. Kb2
Rg2+ 43. Kb3 Rg1 44. a6 Ra1 45. Nc6 g5 46. a7 Bc5 47. Kc4 Bf2 {intending ...g4.
} 48. Rb8 Bxa7 49. Rb7+ {[%mdl 64] Double Attack} Ke6 50. Rxa7 Rxa7 (50... Rh1
$18 51. Nd4+ Kd6 52. Ra6+ Ke5 53. Nf3+ Ke4 54. Nxg5+ Ke5 55. Ra5+ Kd6 56. Rd5+
Kc7 57. Ne6+ Kc6 58. Nd4+ Kb6 59. Rd6+ Kb7) 51. Nxa7 {KN-KP. White mates.} g4
52. Nc6 g3 53. Nd4+ Ke5 54. Ne2 g2 55. Kd3 Kd5 {Weighted Error Value: White=0.
05/Black=0.32} 1-0

[Event "EICC 2021"]
[Site "Reykjavik"]
[Date "2021.08.29"]
[Round "4.3"]
[White "Gabuzyan, Hovhannes"]
[Black "Piorun, Kacper"]
[Result "1/2-1/2"]
[WhiteElo "2587"]
[BlackElo "2608"]
[Annotator "TA"]
[PlyCount "186"]
[EventDate "2021.08.26"]
[EventType "swiss"]
[EventCountry "ISL"]
[Tiebreak "Cut1 Buchholz"]
[SourceTitle "playchess.com"]
[Source "ChessBase"]
[SourceQuality "1"]

{[%evp 16,186,6,0,-2,-11,0,0,29,21,11,0,0,0,0,0,0,0,0,-2,0,-30,-25,-31,-30,-23,
-22,-22,-28,-38,-12,-47,-35,-45,-52,-52,-47,-67,-69,-67,-67,-67,-67,-67,-67,
-95,-80,-158,-115,-115,-115,-119,-117,-100,-66,-84,-49,-70,-29,-61,-39,-39,-32,
-48,-32,-48,-43,-44,-33,-33,-20,-33,-20,-23,0,-33,-33,-39,-33,-40,-28,-49,-33,
-33,-33,-33,-29,-44,-44,-44,-29,-62,-62,-54,-62,-69,-69,-179,-46,-46,-46,-46,
-46,-47,-47,-47,-31,-32,-16,-44,-29,-69,-69,-74,-29,-29,-29,-29,-29,-29,-29,
-29,-29,-69,-69,-69,-29,-34,-14,-14,-14,-27,-14,-36,-29,-81,-81,-115,-75,-75,
-75,-76,-75,-75,-8,-8,0,-77,-77,-192,-136,-29963,-5406,-29950,0,-443,-17,-17,
-17,-17,-17,-17,-17,-19,-12,-15,-15,-15,-8,-8,-8,-8,-8]} 1. e4 e5 2. Nf3 Nc6 3.
d4 exd4 4. Nxd4 Nf6 5. Nxc6 bxc6 6. Bd3 d5 7. Nc3 Bb4 8. Bd2 O-O 9. O-O Rb8 {
C47: Scotch Four Knights and Four Knights with 4 g3.} 10. a3 Bxc3 11. Bxc3 Nxe4
12. Bxe4 dxe4 {[#]} 13. Re1 $146 ({Predecessor:} 13. Qh5 Rb5 14. Qe2 Qh4 15. f3
exf3 16. Qxf3 Rh5 17. Qf4 Qxf4 18. Rxf4 Rd5 19. Re1 {1/2-1/2 (63) Gharamian,T 
(2603)-Jones,G (2683) London 2019}) 13... Bf5 14. Qc1 Rb5 15. Qe3 a6 16. Qg3 {
[%csl Gc3][%cal Rg3g7]} f6 17. Bb4 Rf7 18. c4 Re5 19. Rad1 Rd7 20. Rxd7 Qxd7
21. Bc3 Re6 22. h3 Rd6 23. Kh2 Kf7 24. Ba5 Rd3 25. Re3 h5 26. b4 Rd1 27. Qxc7
Qxc7+ 28. Bxc7 $15 {[%mdl 4096] Endgame KRB-KRB} Rc1 29. c5 h4 30. Re2 Ra1 31.
Rd2 ({Better is} 31. Re3) 31... Rxa3 32. Bf4 Be6 33. Rd6 Bd5 {aiming for ...
Ke7.} 34. Rd7+ Kg8 35. Ra7 Rb3 36. Rxa6 Rxb4 (36... g5 $5 {[%cal Rg5f4]} 37.
Bd2 Kg7 $17) 37. Be3 Rb7 38. Ra8+ Kh7 39. Rf8 Re7 40. Bd4 Be6 41. Be3 Bd7 42.
Bd4 Be8 43. Kg1 Re6 44. Kh2 Re7 45. Kg1 Bf7 46. Rd8 Rb7 47. Kh2 Bc4 48. Rc8 Rd7
49. Be3 Bd5 50. Rf8 Ra7 51. Bd4 Ra2 52. Be3 Ra1 53. Bd4 Re1 54. Be3 Rd1 55. Rd8
g5 56. g3 (56. Rd7+ $15 Kg6 57. Rd6) 56... hxg3+ (56... f5 $1 $19 57. Rd7+ Kg6
58. Rd6+ Kf7 59. Bxg5 e3 60. Rxd5 cxd5 61. fxe3 Rd2+ 62. Kg1 hxg3) 57. Kxg3 Kg6
58. h4 gxh4+ 59. Kxh4 Kf5 60. Kg3 Rg1+ 61. Kh2 Rg6 (61... Rg7 {feels hotter.}
62. Rd6 Ke5 63. Bd2 e3 64. Bc3+ Ke4) 62. Rh8 Ke5 63. Rh5+ f5 64. Rh4 Rg8 65.
Bf4+ Kd4 {Threatens to win with ...Kd3.} 66. Be3+ Kc4 67. Rh6 f4 68. Bxf4 Kxc5
69. Rh5 Kc4 70. Rg5 Rh8+ 71. Kg3 Rf8 72. Be3 Rf3+ 73. Kg2 Rf7 74. Rg3 c5 {
[%cal Bc6c5,Bc5c4,Bc4c3][%mdl 32]} 75. Rg8 (75. Kf1 $11 {keeps the balance.})
75... Kb4 $17 76. Rd8 Bb7 (76... Bc6 {is interesting.} 77. Rd6 Rg7+ 78. Kh3 Rc7
79. Bd2+ Ka4) 77. Kf1 c4 78. Ke1 Kb3 79. Rd6 Kc2 (79... Rh7 $17 80. Kd1 Rh1+
81. Ke2 Rh7) 80. Rd2+ $1 $11 Kb3 (80... Kb1 $11) 81. Rd6 $17 Rh7 82. Kd2 (82.
Kd1 $17 {was called for.}) 82... c3+ $19 83. Kc1 $2 {[%mdl 8192]} (83. Ke2 $17)
83... Rh1+ 84. Rd1 Rh7 (84... Rh5 $142 85. Rg1 Ra5 86. Kd1 Ra1+ 87. Bc1 e3 88.
Ke2 Kc2 89. Kxe3 Rxc1 90. Rg7 Bd5 91. Rg5 Rd1 92. Kf4 Kb2 93. f3 c2 94. Rg2 Kb3
95. Rxc2 Kxc2 96. Kg5 Kd3 97. Kf6 Bxf3 98. Ke5 Rf1 99. Ke6 Kd4 100. Kd7 Ke5
101. Kc7 Rb1 102. Kd8 Ke6 103. Kc7 Ke7 104. Kc8 Kd6 105. Kd8 Rb8#) 85. Rd6 $1 {
[#] intending Rb6+.} Rc7 $2 ({Black should try} 85... Bc6 $1 $19 {[%mdl 512]}
86. Rh6 Rg7) 86. Rb6+ $11 {The position is equal.} Kc4 87. Kc2 Bc6 {
Threatening ...Ba4+.} 88. Ra6 $1 Kb4 {...Ba4+ is the strong threat.} 89. Bf4 $1
Rf7 {And now ...Bb5 would win.} 90. Bd6+ $1 Kb5 91. Ra3 Rxf2+ 92. Kxc3 Rf3+ 93.
Kd4 Rd3+ {Weighted Error Value: White=0.10/Black=0.11} 1/2-1/2

[Event "EICC 2021"]
[Site "Reykjavik"]
[Date "2021.08.29"]
[Round "4.4"]
[White "Ivic, Velimir"]
[Black "Navara, David"]
[Result "0-1"]
[WhiteElo "2571"]
[BlackElo "2675"]
[Annotator "TA"]
[PlyCount "52"]
[EventDate "2021.08.26"]
[EventType "swiss"]
[EventCountry "ISL"]
[Tiebreak "Cut1 Buchholz"]
[SourceTitle "playchess.com"]
[Source "ChessBase"]
[SourceQuality "1"]

{[%evp 12,52,20,0,0,0,23,28,33,27,33,26,35,14,14,12,36,36,30,33,26,-47,-29,-40,
-32,-26,-40,-37,-32,-32,-41,-786,-774,-943,-943,-900,-904,-1462,-1446,-1347,
-1350,-1270,-1266]} 1. e4 e5 2. Nf3 Nc6 3. Bb5 Nf6 4. d3 Bc5 5. c3 O-O 6. O-O
d6 7. Bg5 {7.h3 is the modern continuation.} h6 {C65: Ruy Lopez: Berlin
Defence (3...Nf6), unusual lines and 4 0-0 Bc5.} 8. Bh4 a6 9. Bxc6 bxc6 {
White has an edge.} 10. d4 exd4 11. cxd4 Ba7 12. Nc3 {Black must now prevent
Qc1.} Bg4 $1 {[#]} 13. Qa4 $146 ({Predecessor:} 13. e5 dxe5 14. dxe5 Qxd1 15.
Raxd1 Nh5 16. Rfe1 Rfe8 17. Kf1 Rab8 18. b3 Rb4 19. Rd8 Rxd8 20. Bxd8 Bxf3 21.
gxf3 {1-0 (55) Quesada Perez,Y (2609)-Kleiman,J (2506) Chess.com INT 2017})
13... Bxf3 14. gxf3 g5 15. Bg3 Qd7 16. Rac1 ({White should try} 16. Kg2 $11)
16... h5 $1 $15 {With the idea ...h4.} 17. h4 gxh4 18. Bxh4 {[#]} Qh3 $1 {
[%csl LRf3,LRh4][%cal Rh3h4]} 19. Bxf6 {Hoping for Qa5.} Kh7 {( -> ...Rg8+)}
20. Bg5 $1 {Strongly threatening e5.} f6 $40 {[%mdl 128] Black is up to no
good.} 21. Qxc6 $2 {[%mdl 8192] This move loses the game for White.} (21. e5
$15 Qxf3 22. Qc2+ Kh8 23. Ne4 (23. Bxf6+ {is a self mate.} Rxf6 24. Ne4 Rg8+
25. Ng3 Bxd4 26. Kh2 Rf4 27. Qf5 Rh4+ 28. Qh3 Rxg3 {[%mdl 64] Remove Defender}
29. fxg3 Qe2+ {[%mdl 64] Double Attack} 30. Rf2 Qxf2+ 31. Kh1 Rxh3#)) 21... Rg8
$19 {[%cal Rg8g5][%mdl 64] Pin. Black is clearly winning.} 22. Qxc7+ Kh8 {
[%cal Rg8g5] [#]} 23. f4 Bxd4 24. Ne2 fxg5 25. f5 Be5 {[%csl Ge5][%cal Rh3h2]}
26. Ng3 h4 {Weighted Error Value: White=0.87/Black=0.02} 0-1

[Event "EICC 2021"]
[Site "Reykjavik"]
[Date "2021.08.29"]
[Round "4.5"]
[White "Bluebaum, Matthias"]
[Black "Demchenko, Anton"]
[Result "0-1"]
[WhiteElo "2674"]
[BlackElo "2597"]
[Annotator "TA"]
[PlyCount "94"]
[EventDate "2021.08.26"]
[EventType "swiss"]
[EventCountry "ISL"]
[Tiebreak "Cut1 Buchholz"]
[SourceTitle "playchess.com"]
[Source "ChessBase"]
[SourceQuality "1"]

{[%evp 11,94,31,44,17,20,16,29,30,34,22,33,23,39,29,58,60,41,58,57,59,66,60,56,
51,62,62,62,63,51,53,54,33,135,129,120,125,119,50,50,2,3,-33,-22,-29,-38,-33,
-37,-22,-15,-47,-30,-65,-32,-18,0,-40,0,-29,0,-199,-84,-73,-25,-279,-117,-2112,
-1903,-1549,-1487,-1048,-29959,-29956,-29957,-29953,-29957,-6195,-5589,-29976,
-29977,-29984,-29984,-29982,-29983,-29983,-29984]} 1. d4 d5 2. c4 dxc4 3. e3
Nf6 4. Bxc4 e6 5. Nf3 c5 6. O-O Nc6 7. Nc3 {D26: Queen's Gambit Accepted: 4 e3
e6 5 Bxc5 c5 sidelines.} a6 8. d5 exd5 9. Nxd5 {White has an edge.} Be7 10. e4
{[#]} O-O $146 ({Predecessor:} 10... b5 11. Nxf6+ Bxf6 12. Bd5 Bb7 13. Ng5 Bxg5
14. Qh5 O-O 15. Bxg5 Qc7 16. Be3 c4 {1/2-1/2 (62) Ragger,M (2684)-Zhang,Z 
(2636) Douglas 2019}) 11. Bf4 Bg4 12. Nxe7+ Qxe7 13. Bd6 $1 {[%cal Rd6e7]} Qxe4
14. Bd3 Qb4 15. Bxf8 Rxf8 16. h3 $36 {[%mdl 2048] White is more active.} Bh5 {
next ...Rd8 is good for Black.} 17. a3 Qxb2 18. g4 Bg6 19. Bxg6 hxg6 20. Rb1
Qxa3 21. Rxb7 c4 ({Black should try} 21... Nd4 $14 22. Nxd4 cxd4) 22. Rc7 $1
$16 {[%cal Rc7c6]} Nd8 23. Rxc4 Ne6 24. Ra4 (24. h4 $16) 24... Qc3 $14 25. Qe2
({Avoid the trap} 25. Rxa6 $2 Rd8 $19) 25... Nd5 26. Nh2 Ndf4 ({Don't play} 
26... Qxh3 $6 27. Qf3 $16) 27. Qf3 Nxh3+ 28. Kh1 Qc8 29. Rfa1 Neg5 30. Qg2 Qc5
31. Rf1 Qb5 32. Rfa1 Qc5 33. Rf1 Qb5 34. Rfa1 Re8 {Hoping for ...Re2!} 35. Ra5
$2 (35. Nf3 $1 $11) 35... Qb6 (35... Qc4 $19 {has better winning chances.
White must now prevent ...Re2!} 36. R5a2 Re2 37. Rxe2 Qxe2) 36. R5a2 $17 Qb4 (
36... Nf4 $5 {[%cal Rf4g2]} 37. Rxa6 Qxa6 $3 {[%mdl 512]} 38. Rxa6 Nxg2 39.
Kxg2 Re2 40. Ra8+ Kh7 $17) 37. Rxa6 $2 {[%mdl 8192] [#]} (37. f3 $1 $11 {
and White is okay.}) 37... Re2 (37... Re1+ $1 $19 38. Rxe1 (38. Nf1 $2 Re2 $19)
38... Qxe1+ {[%mdl 64] Double Attack} 39. Qf1 Qc3) 38. Qa8+ $2 {[%mdl 8192]} (
38. Rf1 $17 Qb3 39. Ra8+ Kh7 40. Nf3 {[%mdl 64] Decoy} Qxf3 41. Qxf3 Nxf3 42.
Kg2) 38... Kh7 $19 39. R6a2 Re1+ 40. Nf1 Rxa1 41. Rxa1 Nxf2+ 42. Kg2 Nd3 43.
Kh1 Qf4 44. Nh2 Ne4 {Black mates.} 45. Qa2 Ndf2+ {[%mdl 64] Double Attack} 46.
Kg2 Qg3+ 47. Kf1 Qxh2 {Weighted Error Value: White=0.44/Black=0.16} 0-1

[Event "EICC 2021"]
[Site "Reykjavik"]
[Date "2021.08.29"]
[Round "4.6"]
[White "Mamedov, Nidjat"]
[Black "Nisipeanu, Liviu-Dieter"]
[Result "1/2-1/2"]
[WhiteElo "2595"]
[BlackElo "2671"]
[Annotator "TA"]
[PlyCount "40"]
[EventDate "2021.08.26"]
[EventType "swiss"]
[EventCountry "ISL"]
[Tiebreak "Cut1 Buchholz"]
[SourceTitle "playchess.com"]
[Source "ChessBase"]
[SourceQuality "1"]

{[%evp 29,40,8,27,33,43,13,30,0,24,0,21,14,25]} 1. e4 c5 2. Nf3 e6 3. d4 cxd4
4. Nxd4 Nf6 5. Nc3 Nc6 6. Ndb5 d6 7. Bf4 e5 8. Bg5 a6 9. Na3 b5 10. Nd5 Be7 11.
Bxf6 Bxf6 12. c3 Bg5 13. Nc2 Rb8 14. Be2 O-O 15. O-O Ne7 16. Ncb4 {Black must
now prevent Nxe7+. B33: Sicilian: Pelikan and Sveshnikov Variations.} Nxd5 17.
Nxd5 Be6 18. Qd3 {[#]} Kh8 $146 ({Predecessor (4):} 18... a5 19. Rfd1 Qd7 20.
Ne3 {1/2-1/2 (19) Enchev,I (2491)-Spasov,V (2495) Primorsko 2020}) 19. Rad1 f5
20. Bf3 g6 {Black did not feel at home in the position after the opening. 
Weighted Error Value: White=0.18/Black=0.18} 1/2-1/2

[Event "EICC 2021"]
[Site "Reykjavik"]
[Date "2021.08.29"]
[Round "4.7"]
[White "Mamedov, Rauf"]
[Black "Romanov, Evgeny"]
[Result "1-0"]
[WhiteElo "2654"]
[BlackElo "2594"]
[Annotator "TA"]
[PlyCount "91"]
[EventDate "2021.08.26"]
[EventType "swiss"]
[EventCountry "ISL"]
[Tiebreak "Cut1 Buchholz"]
[SourceTitle "playchess.com"]
[Source "ChessBase"]
[SourceQuality "1"]

{[%evp 10,91,46,40,45,0,22,0,14,-16,-7,-5,-10,0,-11,-35,0,-44,-30,-26,0,-8,0,0,
0,-7,-9,-5,46,25,23,23,33,30,54,30,56,53,53,50,81,80,85,83,82,52,56,49,108,97,
90,89,119,106,108,105,116,118,133,114,142,138,744,709,117,113,121,128,749,727,
837,0,115,0,879,191,879,879,871,871,841,839,770,710]} 1. e4 e5 2. Nf3 Nc6 3.
Bc4 Nf6 4. d3 h6 5. c3 d6 6. Nbd2 g6 {C55: Two Knights: 4 d3, 4 d4 exd4 5 e5
and Max Lange Attack.} 7. d4 {Recently 7.Nf1 got a lot of attention.} Bg7 8.
O-O O-O {The position is equal.} 9. Re1 exd4 10. cxd4 d5 11. exd5 Nxd5 12. Nb3
{[#]} Bg4 $146 ({Predecessor:} 12... a5 13. Be3 a4 14. Nc5 a3 15. b3 b6 16. Nd3
Nxe3 17. fxe3 Na5 18. Rc1 Bb7 {1/2-1/2 (32) Vallejo Pons,F (2420)-Ballester
Sanz,J (2195) Oropesa del Mar 1996}) 13. Be3 a5 14. Rc1 Qd6 15. h3 Bxf3 16.
Qxf3 Nxe3 17. fxe3 a4 18. Nd2 Ne5 19. dxe5 Qxd2 20. Rf1 {[%cal Rc4f7]} Kh8 21.
Bxf7 {Black must now prevent e6.} Bxe5 22. Qe4 {[%mdl 64] Double Attack} Qd6
23. Rcd1 Qe7 24. Bxg6 Bd6 25. Qxe7 Bxe7 26. Rd7 $36 {[%mdl 2048] Keeping Black
busy.} Bg5 27. Re1 (27. Bf5 {seems wilder.} Bxe3+ 28. Kh1 b5 29. Rh7+ Kg8 30.
Rxc7 Bg5 31. b3) 27... Ra6 28. Bc2 Rb6 {[#]} (28... Bh4 $14 29. Re2 Bg3) 29.
Rh7+ $1 $16 ({Reject} 29. Rxc7 $6 Rxb2 30. Be4 (30. Bxa4 Rff2 $11) 30... Rxa2
$11) 29... Kg8 30. Rxc7 Rf7 31. Rc4 Rxb2 32. Bxa4 Re7 33. Bb3 {Threatens to
win with Rc2+.} Kh8 34. Rc3 Rd7 {intending ...Rdd2.} 35. Rf1 Rdd2 $2 {[%mdl
8192]} (35... Re7 $16 36. e4 Re2 37. Rc8+ Kg7) 36. Rc8+ $18 Kg7 37. Rc7+ Kg6
38. Bf7+ (38. Rxb7 $2 {is a self mate.} Rxg2+ 39. Kh1 Rh2+ 40. Kg1 Rbg2#) 38...
Kg7 $2 {[%mdl 8192] [#]} (38... Kh7 $16 39. Bd5+ Kg6) 39. Bd5+ $1 Kg6 40. Bf7+
$2 (40. Be4+ $18 Kh5 41. Rg7 Bxe3+ 42. Kh1) 40... Kg7 $1 $16 41. Bd5+ {[%mdl
8192]} (41. Bh5+ $16 Kg8 42. Rc8+ Rd8 43. Rc3) 41... Kg6 $18 42. Be4+ Kh5 43.
Rg7 {White is clearly winning.} Rb4 {[#]} 44. Rf4 $1 {[%csl Gg7][%cal Re4g6]}
Rd1+ 45. Kf2 {[%csl Gg7][%cal Re4g6]} Rd2+ 46. Kf1 {[%csl Gg7][%cal Re4g6]
Weighted Error Value: White=0.34/Black=0.16} 1-0